000 00277nam a22001217a 4500
082 _a894.812
_bTHA/C
100 _aDr.G.THALIYAN
245 _aCHRISTHUVINTE KERALA PARYADANAM
260 _aKALADY
_bDr.G.THALIAN
_c1996
300 _a90
650 _aSPIRITUAL
_zKERALA
942 _cBK
999 _c1169
_d1169